[Event "Guimaraes Open 2018"]
[Site "Guimaraes"]
[Date "2018.10.07"]
[Round "6"]
[White "Cordeiro, Joao Carlos Santos "]
[Black "Navarro Martinez, Victor"]
[Result "0-1"]
[WhiteElo "1792"]
[BlackElo "1505"]
[Annotator "NA"]
[PlyCount "69"]
[EventDate "2018.10.04"]
[EventType "swiss"]
[EventCountry "POR"]
[SourceTitle "playchess.com"]
[Source "ChessBase"]
[SourceQuality "1"]
[TimeControl "5400+30"]

1. e4 {[%emt 0:00:00]} c5 {[%emt 0:00:00]} 2. Nc3 {[%emt 0:00:00]} Nc6 {[%emt 0:00:00]} 3. g3 {[%emt 0:00:00]} g6 {[%emt 0:00:25]} 4. Bg2 {[%emt 0:00:00]} Bg7 {[%emt 0:00:44]} 5. d3 {[%emt 0:00:12]} Rb8 {[%emt 0:00:42]} 6. Be3 {[%emt 0:01:30]} b5 {[%emt 0:03:36]} 7. Qd2 {[%emt 0:03:36]} b4 {[%emt 0:03:33]} 8. Nd1 {[%emt 0:00:08]} d6 9. f4 {[%emt 0:02:44]} Qc7 {[%emt 0:07:24]} 10. Nf3 {[%emt 0:05:24]} e6 {[%emt 0:01:42]} 11. O-O {[%emt 0:00:56]} Nge7 {[%emt 0:00:51]} 12. h3 {[%emt 0:09:30]} O-O {[%emt 0:03:54]} 13. Bf2 {[%emt 0:00:57]} a5 {[%emt 0:02:32]} 14. c3 {[%emt 0:00:29]} Ba6 {[%emt 0:05:19]} 15. Re1 {[%emt 0:00:54]} Na7 {[%emt 0:02:19]} 16. d4 {[%emt 0:26:23]} f5 {[%emt 0:12:37]} 17. Ng5 {[%emt 0:06:25]} Bc4 {[%emt 0:07:02]} 18. exf5 {[%emt 0:08:31]} exf5 {[%emt 0:01:12]} 19. d5 {[%emt 0:16:34]} bxc3 {[%emt 0:03:12]} 20. bxc3 {[%emt 0:00:29]} Qb7 {[%emt 0:00:34]} 21. Ne3 {[%emt 0:04:50]} Ba6 {[%emt 0:01:49]} 22. Ne6 {[%emt 0:01:43]} Rfe8 {[%emt 0:00:58]} 23. Nxg7 {[%emt 0:00:47]} Kxg7 {[%emt 0:00:17]} 24. c4 {[%emt 0:01:02]} Qb4 {[%emt 0:02:59]} 25. Qc2 {[%emt 0:02:15]} Qb2 {[%emt 0:02:08]} 26. Qd3 {[%emt 0:01:53]} Qd4 {[%emt 0:02:17]} 27. Nxf5+ {[%emt 0:01:04]} Nxf5 {[%emt 0:01:14]} 28. Bxd4+ {[%emt 0:00:06]} Nxd4 {[%emt 0:01:31]} 29. Rxe8 {[%emt 0:02:43]} Rxe8 {[%emt 0:00:06]} 30. Rb1 {[%emt 0:00:35]} Nc8 {[%emt 0:03:46]} 31. a4 {[%emt 0:01:25]} Re2 {[%emt 0:01:10]} 32. g4 {[%emt 0:01:30]} Rc2 {[%emt 0:01:06]} 33. Qe3 {[%emt 0:01:04]} Re2 {[%emt 0:00:04]} 34. Qd3 {[%emt 0:00:39]} Rc2 {[%emt 0:00:15]} 35. Qd1 {[%emt 0:00:00]} 0-1

[Event "Guimaraes Open 2018"]
[Site "Guimaraes"]
[Date "2018.10.07"]
[Round "6"]
[White "Silva, Tiago Alexandre Pin"]
[Black "Dias, Ricardo Pedro Cruz"]
[Result "0-1"]
[WhiteElo "1757"]
[BlackElo "2098"]
[Annotator "NA"]
[PlyCount "56"]
[EventDate "2018.10.04"]
[EventType "swiss"]
[EventCountry "POR"]
[SourceTitle "playchess.com"]
[Source "ChessBase"]
[SourceQuality "1"]
[TimeControl "5400+30"]

1. e4 {[%emt 0:00:00]} e5 {[%emt 0:00:51]} 2. Nf3 {[%emt 0:00:00]} Nc6 {[%emt 0:00:05]} 3. Bb5 {[%emt 0:03:25]} a6 {[%emt 0:00:17]} 4. Ba4 {[%emt 0:02:23]} Nf6 {[%emt 0:00:09]} 5. O-O {[%emt 0:00:31]} Be7 {[%emt 0:00:06]} 6. Re1 {[%emt 0:00:21]} b5 {[%emt 0:00:07]} 7. Bb3 {[%emt 0:00:05]} O-O {[%emt 0:00:04]} 8. a4 {[%emt 0:02:04]} b4 {[%emt 0:00:08]} 9. c3 {[%emt 0:00:48] LiveBook: 36 Games} d6 {[%emt 0:04:01]} 10. d4 {[%emt 0:01:48]} exd4 {[%emt 0:10:34] C90: Closed Ruy Lopez with 7...d6: Early deviations} (10... Rb8 11. h3 bxc3 12. bxc3 Be6 13. d5 Na5 14. Ba2 Bd7 15. Ba3 Qe8 16. Qd3 Bxa4 17. Bb4 Nb7 18. Qxa6 Bb5 19. Qa7 c5 20. dxc6 Bxc6 {½-½ (44) Short,N (2663)-Werle,J (2607) Wijk aan Zee 2009}) 11. Nxd4 {[%emt 0:04:18]} Bd7 {[%emt 0:02:57]} 12. Bc2 $146 {[%emt 0:08:41]} ({Predecessor:} 12. Nxc6 Bxc6 13. Bd5 Bxd5 14. exd5 bxc3 15. Nxc3 Re8 16. b4 Nd7 17. Bd2 Rb8 18. Rb1 Ne5 19. b5 a5 20. Ne4 Bf6 21. Nxf6+ {1-0 (21) Hallengren,B-Capello,A WCCF email 2002}) 12... Rb8 {[%emt 0:00:24]} 13. a5 {[%emt 0:07:43]} Re8 {[%emt 0:04:09]} 14. Bg5 {[%emt 0:07:25]} h6 {[%emt 0:00:43]} 15. Bh4 {[%emt 0:01:31]} Ne5 {[%emt 0:06:26]} 16. Nd2 {[%emt 0:05:55]} Bf8 {[%emt 0:07:55]} 17. h3 {[%emt 0:05:58]} c5 {[%emt 0:34:09]} 18. N4f3 {[%emt 0:05:23]} Ng6 {[%emt 0:02:39]} 19. Bg3 {[%emt 0:03:25]} Nh5 {[%emt 0:00:54]} 20. Bh2 {[%emt 0:01:57]} Nhf4 $14 {[%emt 0:02:44]} 21. Nc4 {[%emt 0:03:39]} Bc6 {[%emt 0:01:28]} 22. Qd2 {[%emt 0:08:14]} Qf6 {[%emt 0:00:47]} 23. Bd1 {[%emt 0:06:32]} Rxe4 {[%emt 0:01:59]} 24. Rxe4 {[%emt 0:02:08]} Bxe4 {[%emt 0:00:06]} 25. Nb6 {[%emt 0:01:41]} Rd8 {[%emt 0:03:43]} 26. Qe3 {[%emt 0:01:31]} Bc6 {[%emt 0:00:37]} 27. Nc4 {[%emt 0:02:38]} Re8 {[%emt 0:02:13]} 28. Qd2 {[%emt 0:00:08]} Nxh3+ {[%emt 0:01:02]} 0-1

[Event "Guimaraes Open 2018"]
[Site "Guimaraes"]
[Date "2018.10.07"]
[Round "6"]
[White "Andrade, Ricardo Sarmento"]
[Black "Fernandes, Miguel Antonio"]
[Result "0-1"]
[WhiteElo "1751"]
[BlackElo "2048"]
[Annotator "NA"]
[PlyCount "114"]
[EventDate "2018.10.04"]
[EventType "swiss"]
[EventCountry "POR"]
[SourceTitle "playchess.com"]
[Source "ChessBase"]
[SourceQuality "1"]
[TimeControl "5400+30"]

1. e4 {[%emt 0:01:00]} e6 {[%emt 0:00:00]} 2. d4 {[%emt 0:00:24]} c5 {[%emt 0:00:02]} 3. d5 {[%emt 0:00:40]} exd5 {[%emt 0:00:13]} 4. exd5 {[%emt 0:00:08]} d6 {[%emt 0:00:12]} 5. Nc3 {[%emt 0:00:26]} Nf6 {[%emt 0:00:12]} 6. Nf3 {[%emt 0:00:28]} Be7 {[%emt 0:00:10]} 7. Be2 {[%emt 0:01:05]} O-O {[%emt 0:00:13]} 8. O-O {[%emt 0:00:04]} Na6 {[%emt 0:00:29] LiveBook: 66 Games} 9. Nd2 {[%emt 0:06:02] A43: Schmid Benoni} Nc7 {[%emt 0:05:33]} 10. Nde4 {[%emt 0:06:30]} Bf5 {[%emt 0:04:39]} 11. Ng3 {[%emt 0:02:16]} Bg6 $146 {[%emt 0:00:43]} ({Predecessor:} 11... Bd7 12. a4 Re8 13. Bf4 a6 14. a5 Bf8 15. Re1 Rb8 16. Qd2 Nb5 17. Na4 {1-0 (17) Kuzmicz,K (2352)-Miton,K (2636) Warsaw 2005}) 12. f4 {[%emt 0:01:56]} h6 {[%emt 0:03:19]} 13. f5 {[%emt 0:02:55]} Bh7 {[%emt 0:00:05]} 14. Bf4 {[%emt 0:00:08]} Qd7 {[%emt 0:03:13]} 15. Qd2 {[%emt 0:00:46]} b5 {[%emt 0:03:27]} 16. Bf3 {[%emt 0:08:38]} b4 {[%emt 0:07:52]} 17. Nce2 {[%emt 0:01:36]} Rfe8 {[%emt 0:02:20]} 18. c4 {[%emt 0:03:47]} bxc3 {[%emt 0:00:36]} 19. bxc3 {[%emt 0:04:29]} Bf8 {[%emt 0:01:32]} ({Black should try} 19... Qa4 $11) 20. c4 {[%emt 0:01:12]} Bxf5 {[%emt 0:06:39]} 21. Nxf5 {[%emt 0:00:19]} Qxf5 {[%emt 0:00:05]} 22. Ng3 {[%emt 0:00:40]} Qd7 {[%emt 0:02:41]} 23. Rab1 {[%emt 0:07:50]} ({Lieber} 23. h3 $14) 23... Rab8 {[%emt 0:01:12]} 24. Rxb8 {[%emt 0:01:34]} Rxb8 {[%emt 0:00:09]} 25. Be2 {[%emt 0:01:02]} Nce8 {[%emt 0:02:53]} 26. Bd3 {[%emt 0:00:41]} Qa4 {[%emt 0:03:45]} 27. Rf3 {[%emt 0:13:28]} Qb4 {[%emt 0:03:33]} 28. Qe3 $17 {[%emt 0:24:21]} ({White should play} 28. Qc2 $15) 28... Ng4 {[%emt 0:05:30]} 29. Qc1 {[%emt 0:01:48]} Qb2 {[%emt 0:05:19]} 30. Qxb2 {[%emt 0:00:09]} Rxb2 {[%emt 0:00:04]} 31. h3 {[%emt 0:00:08]} Ngf6 {[%emt 0:03:41]} 32. Rf2 {[%emt 0:00:07]} Rxf2 {[%emt 0:01:17]} 33. Kxf2 {[%emt 0:00:01]} g6 {[%emt 0:02:26]} 34. Bd2 {[%emt 0:02:17]} Nd7 {[%emt 0:00:50]} 35. Bc3 {[%emt 0:01:04]} Bg7 {[%emt 0:01:20]} 36. Ba5 {[%emt 0:01:44]} Ne5 {[%emt 0:02:27]} 37. Be2 {[%emt 0:00:47]} Bf6 {[%emt 0:02:33]} 38. Ne4 {[%emt 0:00:43]} Be7 {[%emt 0:00:54]} 39. Nc3 {[%emt 0:00:22]} a6 {[%emt 0:00:58]} 40. Na4 {[%emt 0:02:06]} f5 {[%emt 0:00:52]} 41. Bd2 {[%emt 0:00:22]} g5 {[%emt 0:02:14]} 42. g4 {[%emt 0:01:28]} fxg4 {[%emt 0:00:57]} 43. hxg4 {[%emt 0:00:02]} Nf6 {[%emt 0:00:08]} 44. Bc3 {[%emt 0:01:06]} Nfxg4+ {[%emt 0:02:31]} 45. Kg3 {[%emt 0:00:08]} Nf6 {[%emt 0:02:32]} 46. Bxe5 {[%emt 0:00:25]} dxe5 {[%emt 0:00:06]} 47. Nb2 {[%emt 0:01:40]} e4 {[%emt 0:00:39]} 48. Nd1 {[%emt 0:00:06]} Bd6+ {[%emt 0:00:44]} 49. Kf2 {[%emt 0:01:25]} Kf7 {[%emt 0:03:09]} 50. Ne3 {[%emt 0:00:16]} Kg6 {[%emt 0:00:43]} 51. Ng4 {[%emt 0:00:16]} Bf4 {[%emt 0:03:07]} 52. Nxf6 {[%emt 0:00:16]} Kxf6 {[%emt 0:01:02]} 53. Kg2 {[%emt 0:00:00]} Ke5 {[%emt 0:00:31]} 54. Kh3 {[%emt 0:01:12]} Kd4 {[%emt 0:00:29]} 55. Kg2 {[%emt 0:01:25]} Kc3 {[%emt 0:00:27]} 56. Kh3 {[%emt 0:00:13]} Kd2 {[%emt 0:00:11]} 57. Bg4 {[%emt 0:00:29]} e3 {[%emt 0:00:08]} 0-1

[Event "Guimaraes Open 2018"]
[Site "Guimaraes"]
[Date "2018.10.07"]
[Round "6"]
[White "Martins, Jose Carlos Caetano"]
[Black "Sousa, Hugo Carneiro"]
[Result "0-1"]
[WhiteElo "1679"]
[BlackElo "2014"]
[Annotator "NA"]
[PlyCount "98"]
[EventDate "2018.10.04"]
[EventType "swiss"]
[EventCountry "POR"]
[SourceTitle "playchess.com"]
[Source "ChessBase"]
[SourceQuality "1"]
[TimeControl "5400+30"]

1. e4 {[%emt 0:00:00]} e6 {[%emt 0:00:00]} 2. d4 {[%emt 0:00:00]} d5 {[%emt 0:00:00]} 3. Nd2 {[%emt 0:00:00]} Nf6 {[%emt 0:00:00]} 4. e5 {[%emt 0:00:16]} Nfd7 {[%emt 0:00:00]} 5. Bd3 {[%emt 0:00:27]} c5 {[%emt 0:00:07]} 6. c3 {[%emt 0:00:25]} Nc6 {[%emt 0:00:09]} 7. Ne2 {[%emt 0:00:22]} cxd4 {[%emt 0:00:12]} 8. cxd4 {[%emt 0:00:17]} f6 {[%emt 0:00:06]} 9. exf6 {[%emt 0:01:22]} Nxf6 {[%emt 0:00:10]} 10. O-O {[%emt 0:02:04]} Bd6 {[%emt 0:00:08] LiveBook: 1377 Games} 11. Nf3 {[%emt 0:01:38]} Qc7 {[%emt 0:00:40]} 12. Nc3 {[%emt 0:05:55]} a6 {[%emt 0:01:59]} 13. a3 {[%emt 0:01:02]} O-O {[%emt 0:02:17]} 14. Re1 {[%emt 0:02:20]} Bd7 {[%emt 0:05:11]} 15. Qc2 {[%emt 0:03:30]} Rae8 {[%emt 0:05:26]} 16. Bg5 {[%emt 0:03:28]} Re7 {[%emt 0:07:36]} ({Besser ist} 16... Ng4 $17 17. Bxh7+ Kh8) 17. Ne2 {[%emt 0:10:32]} Qb6 {[%emt 0:08:01]} 18. Rad1 {[%emt 0:01:38]} Kh8 {[%emt 0:04:57]} 19. g3 {[%emt 0:02:18]} (19. Nf4 $14) 19... Be8 {[%emt 0:23:52]} 20. Nf4 {[%emt 0:03:28]} (20. h3 $11 {keeps the balance.}) 20... Bxf4 {[%emt 0:01:15]} 21. Bxf4 {[%emt 0:00:08]} Bh5 {[%emt 0:00:25]} 22. Be2 {[%emt 0:02:23]} Ne4 {[%emt 0:12:03]} 23. Ne5 {[%emt 0:12:32]} Bxe2 {[%emt 0:03:25]} ({Viel schlechter ist} 23... Nxd4 $6 24. Rxd4 Qxd4 25. Bxh5 $16) 24. Qxe2 {[%emt 0:00:07]} Nxe5 {[%emt 0:04:29]} 25. dxe5 {[%emt 0:01:00]} Ref7 {[%emt 0:01:47]} 26. Be3 $11 {[%emt 0:02:12]} Qc7 {[%emt 0:00:42]} 27. Bd4 {[%emt 0:02:09]} Rc8 {[%emt 0:03:22]} 28. Qh5 {[%emt 0:02:56]} Rf5 {[%emt 0:01:59]} 29. Qe2 {[%emt 0:02:03]} Ng5 {[%emt 0:01:54]} 30. f4 {[%emt 0:01:37]} Ne4 {[%emt 0:00:14]} 31. Be3 {[%emt 0:00:54]} Rff8 {[%emt 0:00:52]} 32. Rc1 {[%emt 0:02:45]} Qd7 {[%emt 0:00:07]} 33. Rxc8 {[%emt 0:00:28]} Rxc8 {[%emt 0:00:01]} 34. Rc1 {[%emt 0:00:04]} Kg8 {[%emt 0:00:20]} 35. Qd1 {[%emt 0:01:05]} Kf8 {[%emt 0:01:56]} 36. Rxc8+ {[%emt 0:00:37]} Qxc8 {[%emt 0:00:03]} 37. Qc1 {[%emt 0:00:20]} Qxc1+ {[%emt 0:01:03]} 38. Bxc1 {[%emt 0:00:01]} d4 {[%emt 0:01:04]} 39. Kf1 {[%emt 0:01:15]} d3 {[%emt 0:00:04]} 40. Be3 {[%emt 0:03:41]} h5 {[%emt 0:04:24]} 41. Ke1 {[%emt 0:00:26]} Kf7 {[%emt 0:01:12]} 42. h3 {[%emt 0:01:23]} Ke7 {[%emt 0:00:48]} 43. a4 {[%emt 0:00:20]} b5 {[%emt 0:00:44]} 44. axb5 {[%emt 0:01:15]} axb5 {[%emt 0:00:01]} 45. g4 {[%emt 0:00:27]} g6 {[%emt 0:00:32]} 46. b4 {[%emt 0:03:50]} Kd7 {[%emt 0:00:29]} 47. Kd1 {[%emt 0:02:12]} Kc6 {[%emt 0:00:09]} 48. gxh5 {[%emt 0:00:14]} gxh5 {[%emt 0:00:02]} 49. h4 {[%emt 0:00:20]} Kd7 {[%emt 0:00:19]} 0-1

[Event "Guimaraes Open 2018"]
[Site "Guimaraes"]
[Date "2018.10.07"]
[Round "6"]
[White "Dias, Jose Oliveira Gaspa"]
[Black "Cimpean, Andra"]
[Result "0-1"]
[WhiteElo "1605"]
[BlackElo "1867"]
[Annotator "NA"]
[PlyCount "62"]
[EventDate "2018.10.04"]
[EventType "swiss"]
[EventCountry "POR"]
[SourceTitle "playchess.com"]
[Source "ChessBase"]
[SourceQuality "1"]
[TimeControl "5400+30"]

1. Nf3 {[%emt 0:01:06]} d5 {[%emt 0:00:00]} 2. d4 {[%emt 0:00:36]} c6 {[%emt 0:00:15]} 3. Bf4 {[%emt 0:00:09]} Qb6 {[%emt 0:01:40]} 4. Qc1 {[%emt 0:00:12]} Bf5 {[%emt 0:01:53] LiveBook: 72 Partien} 5. e3 {[%emt 0:00:30]} Nf6 {[%emt 0:00:26]} 6. h3 {[%emt 0:00:06] D02: 1 d4 d5 2 Nf3 sidelines, including 2...Nf6 3 g3 and 2...Nf6 3 Bf4} Nbd7 {[%emt 0:00:30]} 7. Nbd2 {[%emt 0:00:24]} e6 {[%emt 0:01:15]} 8. Be2 {[%emt 0:00:10]} Be7 {[%emt 0:00:37]} 9. O-O {[%emt 0:00:06]} O-O {[%emt 0:00:14]} (9... Ne4 10. c4 g5 11. Bh2 Ndf6 12. g4 Bg6 13. Ne5 Nxd2 14. Qxd2 {1-0 (66) Tihonov,J (2385)-Nasuta,G (2491) Suwalki 2018}) 10. c4 {[%emt 0:00:16]} c5 {[%emt 0:00:59]} 11. b3 {[%emt 0:01:34]} Rac8 {[%emt 0:01:37]} 12. Qb2 {[%emt 0:07:33]} Ne4 {[%emt 0:07:40]} 13. Rfd1 $146 {[%emt 0:05:14]} ({Predecessor:} 13. cxd5 exd5 14. Rac1 c4 15. Rfd1 c3 16. Qb1 cxd2 17. Rxc8 Rxc8 18. Nxd2 Ng3 19. Bd3 Ne2+ 20. Kh2 Nc3 {0-1 (20) Frank,M-Schulmann,W Buenos Aires 1990}) 13... Bf6 {[%emt 0:03:02]} 14. Nxe4 {[%emt 0:00:55]} dxe4 {[%emt 0:02:39]} 15. Ne5 {[%emt 0:00:03]} Nxe5 {[%emt 0:03:55]} 16. dxe5 Be7 17. Rd7 {[%emt 0:07:08]} Rc7 {[%emt 0:00:37]} 18. Rad1 {[%emt 0:00:13]} Qc6 {[%emt 0:02:05]} 19. Qd2 {[%emt 0:00:55]} h6 {[%emt 0:00:48]} 20. g4 {[%emt 0:00:52]} Bg6 {[%emt 0:00:19]} 21. Rxc7 {[%emt 0:00:15]} Qxc7 {[%emt 0:00:09]} 22. Qd7 {[%emt 0:00:09]} Rc8 $14 {[%emt 0:00:58]} 23. Qa4 {[%emt 0:02:57]} Rd8 {[%emt 0:01:18]} 24. Rxd8+ {[%emt 0:01:21]} Qxd8 {[%emt 0:00:11]} 25. Qxa7 Qd2 {[%emt 0:00:43]} 26. Bf1 {[%emt 0:00:26]} Bh4 {[%emt 0:00:12]} 27. Bg3 {[%emt 0:00:53]} Bxg3 {[%emt 0:00:08]} 28. fxg3 {[%emt 0:00:12]} Qxe3+ {[%emt 0:00:12]} 29. Kh2 {[%emt 0:00:03]} Qf2+ {[%emt 0:00:48]} 30. Bg2 {[%emt 0:00:02]} e3 {[%emt 0:00:20]} 31. Qxb7 {[%emt 0:00:13]} e2 {[%emt 0:00:17]} 0-1

[Event "Guimaraes Open 2018"]
[Site "Guimaraes"]
[Date "2018.10.07"]
[Round "6"]
[White "Peixoto, Flavio Pimenta"]
[Black "Pipiras, Filipa Fortuna"]
[Result "0-1"]
[WhiteElo "1464"]
[BlackElo "1853"]
[Annotator "NA"]
[PlyCount "24"]
[EventDate "2018.10.04"]
[EventType "swiss"]
[EventCountry "POR"]
[SourceTitle "playchess.com"]
[Source "ChessBase"]
[SourceQuality "1"]
[TimeControl "5400+30"]

1. e4 {[%emt 0:00:00]} c6 {[%emt 0:02:10]} 2. Nc3 {[%emt 0:01:45]} d5 {[%emt 0:00:57]} 3. d4 {[%emt 0:01:21]} dxe4 {[%emt 0:00:25]} 4. Nxe4 {[%emt 0:00:16]} Nf6 {[%emt 0:00:37]} 5. Nxf6+ {[%emt 0:03:11]} exf6 {[%emt 0:02:08]} 6. Nf3 {[%emt 0:00:20] LiveBook: 226 Games} Bd6 {[%emt 0:00:55]} 7. Be2 {[%emt 0:00:52]} O-O {[%emt 0:00:39]} 8. O-O {[%emt 0:00:08]} Nd7 {[%emt 0:01:23]} 9. Re1 {[%emt 0:06:51]} Re8 $11 {[%emt 0:02:17]} 10. Be3 {[%emt 0:05:04]} Nf8 {[%emt 0:02:45]} 11. d5 {[%emt 0:05:14]} cxd5 {[%emt 0:04:46]} 12. Qxd5 {[%emt 0:00:19]} Bxh2+ {[%emt 0:00:18]} 0-1

[Event "Guimaraes Open 2018"]
[Site "Guimaraes"]
[Date "2018.10.07"]
[Round "6"]
[White "Fonseca, Pedro Miguel Ramos "]
[Black "Martinez Dourado, Daniel"]
[Result "1-0"]
[WhiteElo "1437"]
[BlackElo "1764"]
[Annotator "NA"]
[PlyCount "111"]
[EventDate "2018.10.04"]
[EventType "swiss"]
[EventCountry "POR"]
[SourceTitle "playchess.com"]
[Source "ChessBase"]
[SourceQuality "1"]
[TimeControl "5400+30"]

1. e4 {[%emt 0:03:24]} d5 {[%emt 0:00:29]} 2. exd5 {[%emt 0:00:05]} Nf6 {[%emt 0:00:06]} 3. d4 {[%emt 0:00:03]} Bg4 {[%emt 0:00:15]} 4. Be2 {[%emt 0:00:01]} Bxe2 {[%emt 0:01:46]} 5. Qxe2 {[%emt 0:02:00]} Qxd5 {[%emt 0:02:11]} 6. Nf3 {[%emt 0:00:05]} e6 {[%emt 0:02:15]} 7. O-O {[%emt 0:00:25]} Nc6 {[%emt 0:07:27]} 8. Nc3 {[%emt 0:00:21]} Qh5 {[%emt 0:04:19]} 9. Bf4 {[%emt 0:02:42]} g5 {[%emt 0:13:21]} 10. Bxg5 {[%emt 0:06:36]} Rg8 {[%emt 0:01:19]} 11. Bxf6 {[%emt 0:01:57]} Qg6 {[%emt 0:00:26]} 12. g3 {[%emt 0:04:16]} Qxf6 {[%emt 0:00:41]} 13. d5 {[%emt 0:01:59]} Nd8 {[%emt 0:03:30]} 14. Qb5+ {[%emt 0:03:07]} c6 {[%emt 0:01:16]} 15. dxc6 {[%emt 0:00:05]} bxc6 {[%emt 0:00:12]} 16. Qd3 {[%emt 0:01:18]} h5 {[%emt 0:02:41]} 17. Rad1 {[%emt 0:01:40]} Be7 {[%emt 0:01:20]} 18. h4 {[%emt 0:04:08]} Rb8 {[%emt 0:02:20]} 19. Ng5 {[%emt 0:01:23]} Qg6 {[%emt 0:06:49]} 20. Qd7+ {[%emt 0:05:06]} Kf8 {[%emt 0:00:13]} 21. Qxa7 {[%emt 0:02:30]} Rxb2 {[%emt 0:07:34]} 22. Rd7 {[%emt 0:01:16]} Bxg5 {[%emt 0:00:20]} 23. hxg5 {[%emt 0:01:10]} Qxg5 {[%emt 0:00:13]} 24. Rxd8+ {[%emt 0:00:48]} Qxd8 {[%emt 0:00:28]} 25. Qa3+ {[%emt 0:00:02]} Ke8 {[%emt 0:02:12]} 26. Qxb2 {[%emt 0:02:44]} h4 {[%emt 0:01:32]} 27. Ne4 {[%emt 0:01:16]} Kf8 {[%emt 0:01:36]} 28. Qb4+ {[%emt 0:00:39]} Kg7 {[%emt 0:00:43]} 29. Qc3+ {[%emt 0:00:27]} Kf8 {[%emt 0:00:09]} 30. Qxc6 {[%emt 0:00:39]} f5 {[%emt 0:06:45]} 31. Qd6+ {[%emt 0:01:04]} Qxd6 {[%emt 0:00:25]} 32. Nxd6 {[%emt 0:00:03]} hxg3 {[%emt 0:00:09]} 33. c4 {[%emt 0:00:49]} Ke7 {[%emt 0:01:08]} 34. c5 {[%emt 0:00:28]} Ra8 {[%emt 0:01:38]} 35. Ra1 {[%emt 0:01:03]} gxf2+ {[%emt 0:01:06]} 36. Kxf2 {[%emt 0:00:10]} Ra3 {[%emt 0:00:13]} 37. Nb5 {[%emt 0:00:40]} Ra6 {[%emt 0:02:53]} 38. Nd4 {[%emt 0:02:42]} Ra4 {[%emt 0:02:58]} 39. Nc6+ {[%emt 0:03:32]} Kf6 {[%emt 0:02:25]} 40. Nb8 {[%emt 0:00:56]} Ke7 {[%emt 0:04:43]} 41. Rd1 {[%emt 0:02:00]} Rxa2+ {[%emt 0:03:18]} 42. Ke3 {[%emt 0:00:30]} Rb2 {[%emt 0:00:24]} 43. Rd7+ {[%emt 0:00:41]} Kf6 {[%emt 0:05:46]} 44. Rd8 {[%emt 0:01:18]} Rc2 {[%emt 0:03:04]} 45. c6 {[%emt 0:00:22]} e5 {[%emt 0:00:58]} 46. Rd6+ {[%emt 0:00:53]} Ke7 {[%emt 0:00:27]} 47. Rd7+ {[%emt 0:00:09]} Ke6 {[%emt 0:00:32]} 48. c7 {[%emt 0:00:55]} f4+ {[%emt 0:02:08]} 49. Kd3 {[%emt 0:00:36]} Rc1 {[%emt 0:01:03]} 50. Rh7 {[%emt 0:00:24]} Kd6 {[%emt 0:01:31]} 51. Na6 {[%emt 0:03:19]} f3 {[%emt 0:01:55]} 52. Ke3 {[%emt 0:01:49]} Rc3+ {[%emt 0:02:13]} 53. Kf2 {[%emt 0:00:12]} e4 {[%emt 0:00:12]} 54. Rh8 {[%emt 0:00:26]} Rc2+ 55. Ke3 f2 56. Rf8 1-0

[Event "Guimaraes Open 2018"]
[Site "Guimaraes"]
[Date "2018.10.07"]
[Round "7"]
[White "Spraggett, Kevin Barry"]
[Black "Solodovnichenko, Yuri"]
[Result "0-1"]
[WhiteElo "2513"]
[BlackElo "2554"]
[Annotator "TA"]
[PlyCount "77"]
[EventDate "2018.10.04"]
[EventType "swiss"]
[EventCountry "POR"]
[SourceTitle "playchess.com"]
[Source "ChessBase"]
[SourceQuality "1"]

{[%evp 33,77,0,0,0,0,0,0,-8,32,33,24,0,51,50,48,0,0,0,0,0,0,0,99,80,152,0,0,0,0,0,0,0,0,0,227,226,560,561,652,345,366,360,1328,1334,2041,1993]} 1. Nf3 d5 2. b3 Nf6 3. Bb2 e6 4. c4 Be7 5. e3 O-O 6. d4 c5 7. Bd3 Nc6 8. O-O cxd4 9. exd4 b6 10. Nbd2 Bb7 11. Qe2 Nb4 12. Bb1 Rc8 13. a3 Nc6 14. Bd3 Qd6 15. Rac1 dxc4 {E14: Damenindisch (Zentralsystem)} 16. bxc4 Rfd8 17. Rfd1 Qf4 {LiveBook: 4 Partien. Die Stellung ist ausgeglichen.} 18. h3 (18. Nf1 Bf8 19. Ne3 Re8 20. d5 exd5 21. cxd5 Nxd5 22. Bxh7+ Kxh7 23. Rxd5 {0-1 (39) Gelashvili,T (2616)-Goldin,A (2561) Orlando 2011}) 18... Bd6 $146 ({Vorgänger:} 18... Bf8 19. Rc2 g6 20. Qe3 Qxe3 21. fxe3 Nd7 22. Nb3 a5 {½-½ (40) Arnold,M (2502)-Vuilleumier,A (2350) Reykjavik 2012}) 19. Re1 {[%cal Bd1e1,Be1e4,Be4g4][%mdl 32]} Qh6 20. Rc2 Nh5 21. g3 $1 Nf6 22. Qf1 Bb8 (22... Ne7 $11) 23. Ne4 Nxe4 $1 24. Rxe4 {Und d5! würde nun gewinnen.} Qh5 $1 {[%cal Rh5f3]} 25. Qe2 {Schwarz muss nun d5! beachten.} Ne7 $1 26. d5 Ng6 27. dxe6 fxe6 (27... Qxh3 $2 28. exf7+ Kf8 29. Ng5 $18) (27... f5 $11 {bleibt in der Remisbreite.} 28. e7 Re8) 28. Rg4 $1 $16 e5 (28... Rxd3 $2 29. Qxd3 Qf5 30. Qd7 $18) ({Günstiger ist} 28... Bxf3 29. Qxf3 Qxh3) 29. Be4 $2 (29. Bxg6 $1 $16 hxg6 30. Ng5) 29... Bxe4 $11 30. Qxe4 {Droht Kg2 und aus.} Qxh3 {Und weiter mit ...Td1+ wäre nett.} 31. Rc1 $1 $36 {[%mdl 2048] [#] Weiss kämpft um Vorteil.} Nf4 $1 {[%csl Gf4][%cal Rh3g2][%mdl 512]} 32. Ng5 {[%cal Bf3g5,Bg5h7,Bh7f6][%mdl 32]} (32. gxf4 Qxg4+) 32... Qh5 (32... Qxg4 $2 33. Qxh7+ Kf8 34. Qh8+ Ke7 35. Qxg7+ Kd6 36. Nf7+ Ke7 37. Qxg4 $18) 33. Re1 $1 g6 $2 {[#]} (33... Rd7 $11 {und Schwarz muss sich keine Sorgen machen.}) 34. Nxh7 $1 $18 {zielt auf Sf6+ ab.} (34. Rxf4 Qxg5 35. Bxe5 Qxe5 $15) 34... Nh3+ $2 (34... Rf8 35. Rh4 Qxh4 36. gxh4 Kxh7 37. Bxe5 Bxe5) 35. Kg2 {[%cal Bg1g2,Bg2f2,Bf2e3][%mdl 32]} Nxf2 36. Nf6+ Kf7 37. Kxf2 ({Lieber nicht} 37. Qf3 Qf5 $17) 37... Rd2+ $2 {[#]} ({Ein No Go ist} 37... Kxf6 38. Rh1) (37... Qf5+ 38. Kg1 (38. Qxf5 $2 gxf5 39. Rh4 Kxf6 $19) 38... Qxe4 39. Nxe4 Kg7) 38. Ke3 $1 Qh6+ 39. Rf4 {[%mdl 32768] Precision: Weiß = 67%, Schwarz = 38%. . Loss on Time!?} 0-1